| 000 | 00527nam a2200169 i 4500 | ||
|---|---|---|---|
| 001 | 100024 | ||
| 003 | ES-MaACL | ||
| 005 | 20230906182607.0 | ||
| 007 | t| | ||
| 008 | 050921s1971 sp ||||1| spa d | ||
| 100 | 1 |
_aMartínez San Pedro, Rafael. _978404 |
|
| 245 | 1 | 0 |
_aAspectos humanos del cáncer / _cRafael Martínez San Pedro. |
| 260 |
_aAlicante : _bCaja de Ahorros Provincial, _c1971. |
||
| 300 |
_a94 p. ; _c22 cm. |
||
| 710 | 2 |
_aCaja de Ahorros Provincial de Alicante. _92280 |
|
| 852 |
_aES-MaACL _jC-45215 _bR.80093 |
||
| 999 |
_c100024 _d100024 |
||